000
00270nam a22000977a 4500
008
160519b xxu||||| |||| 00| 0 eng d
041
_a
eng
080
_a
61
245
_a
Developing clinical problem solving skills:
_c
Howard S. Barrows; Garfied C. Pickell;
942
_2
udc
_c
BK
999
_c
2275
_d
2275